000 00448cam a2200181ua 4500
020 _c10.00
041 _ahin
_h
082 _a891.54
_bBHO/KU
100 _aBholashankar, Vyas .
245 _aKuvalayananda of Appayadiksit /
_cBholashankar Vyas.
_hTextual Documents
250 _a2 /
_b.
260 _a :
_bChowkhamba Vidyabhavan ,
_c1963.
300 _a312 ; .
365 _a10.00
504 _a
942 _cBK
999 _c8176
_d8176